| 000 | 00734nam a22001937a 4500 | ||
|---|---|---|---|
| 005 | 20260301151355.0 | ||
| 010 | _aBACEN26 | ||
| 020 |
_a9789365573770 _c1495.00 |
||
| 037 | _bHimalaya Publishing House | ||
| 082 | _a658.4012 | ||
| 100 |
_aRai, Alok Kumar _987958 |
||
| 245 |
_aStrategic project Management/ _cAlok Kumar Rai, Audhesh Kumar [and] Mayank Bajpai |
||
| 260 |
_aMumbai _bHimalaya Publishing House _c2026 |
||
| 270 |
_aVishal Industrial Estate 1st floor, Office No 63/64 Bhandup Village Road, Subhash Nagar _bMumbai _e400078 _k0223513146 _mhimpub@bharatmail.co.in; |
||
| 300 |
_a271 p. _c26cm(pbk) |
||
| 700 |
_aAudhesh Kumar _987704 |
||
| 700 |
_aMayank Bajpai _987723 |
||
| 942 |
_2ddc _cEN _mRAI _h658.4012 |
||
| 999 |
_c215145 _d215145 |
||